000 00443nam a2200181Ia 4500
001 1554
005 20260306143737.0
008 260306t2010||||xx |||||||||||||| ||spa||
041 _aESP
082 _a150.9
_bM86
100 _aMora Mérida, Juan Antonio
_eAUT
245 0 _aIntroducción e historia de la psicología
260 _c2010
300 _a247 páginas :
_c24 cm.
650 _aGEN
654 _aCPS
942 _cLIB
_dJUS
_fJUS
_2ddc
_n
999 _c1554
_d1554